Estudio sobre los temblores de tierra y las principales teorías emitidas para esplicar su naturaleza física y las causas que los producen. Por Edmundo Larenas, Profesor del Liceo de Concepción {viñeta}
Gardado en:
| Autor Principal: | |
|---|---|
| Formato: | Libro |
| Idioma: | Lingua castelá |
| Publicado: |
Concepción
Imprenta de 'El Republicano'
1881
|
| Edición: | 1a. ed |
| Subjects: | |
| Tags: |
Engadir etiqueta
Sen Etiquetas, Sexa o primeiro en etiquetar este rexistro!
|
MARC
| LEADER | 00000nam a2200000 a 4500 | ||
|---|---|---|---|
| 001 | UCJ6645 | ||
| 003 | CL-VaPUC | ||
| 005 | 20250228151543.0 | ||
| 008 | 070124e18810000CL |||||||||||||||||spa|d | ||
| 999 | |c 322747 |d 322745 | ||
| 040 | |c Pontificia Universidad Católica de Valparaíso | ||
| 082 | 0 | 4 | |a 551 |b LAR |2 21 |
| 100 | 0 | |a Larenas, Edmundo |e author |9 513655 | |
| 245 | 1 | 0 | |a Estudio sobre los temblores de tierra y las principales teorías emitidas para esplicar su naturaleza física y las causas que los producen. Por Edmundo Larenas, Profesor del Liceo de Concepción {viñeta} |
| 250 | |a 1a. ed | ||
| 260 | |a Concepción |b Imprenta de 'El Republicano' |c 1881 | ||
| 300 | |a 133 p | ||
| 500 | |a Advierte errata. Recortes de diario relativos al tema, en hojas preliminares y anteportada | ||
| 583 | |a last modification |c 20070124 00:00:00 |k Rodrigo Vera | ||
| 650 | 0 | |a Geología |9 260984 | |
| 650 | 0 | |a Sismología |9 268106 | |
| 650 | 0 | |a TEMBLORES Y TERREMOTOS |9 513656 | |
| 650 | 0 | |a Volcanismo |9 505517 | |
| 942 | |c BK |2 ddc | ||
| 945 | |d 20070124 00:00:00 |a rinostro | ||
| 952 | |0 0 |1 0 |4 0 |6 551_000000000000000_LAR_1881 |7 0 |8 X |9 401816 |a FDOBUD |b FDOBUD |d 2019-11-22 |i 1046101 |o 551 LAR 1881 |p 1046101 |r 2019-11-22 |w 2019-11-22 |y BK_X |k BUD | ||